|
|
|
|
| LEADER |
00000cam a22000005a 4500 |
| 001 |
vtls001432890 |
| 003 |
SK-MaSNL |
| 005 |
20260301202756.0 |
| 008 |
240313s1970 xo 00000 slo |
| 035 |
|
|
|a SNK000387954
|
| 040 |
|
|
|a SNK
|b slo
|c SNK
|e AACR2
|
| 041 |
1 |
|
|a slo
|h rus
|
| 044 |
|
|
|a xo
|c SK
|
| 100 |
1 |
|
|a Lenin, Vladimir Iľjič,
|d 1870-1924
|4 aut
|9 101472
|
| 245 |
1 |
0 |
|a Spisy V. I. Lenina
|n zv. 42
|b október 1917 - marec 1923
|c V. I. Lenin
|
| 250 |
|
|
|a 1. vyd.
|
| 260 |
|
|
|a Bratislava
|b Epocha
|c 1970
|
| 300 |
|
|
|a 575 s.
|
| 852 |
|
|
|a Slovenská národná knižnica v Martine
|b 10000
|h SD 8574/42
|
| 958 |
|
|
|a OND
|
| 999 |
|
|
|c 900136
|d 902066
|
| 952 |
|
|
|a SNK
|b SNK
|y VYP
|7 0
|p 17A0339383
|o snkSD 8574/42 D1
|i snkKSP 171/71
|3 rekatalogizácia
|0 0
|1 0
|4 0
|d 2002-04-24
|l 0
|r 2005-01-02 00:00:00
|w 2026-02-24
|
| 952 |
|
|
|a SNK
|b SNK
|y PREZ
|7 0
|p 17A0368985
|o snkSD 8574/42
|0 0
|1 0
|4 0
|d 2003-01-09
|l 0
|r 2025-11-21 00:00:00
|w 2026-02-24
|